Statistics for NRL 2014 Teams

Click here to take the quiz!

General Stats

  • This quiz has been taken 132 times
  • The average score is 16 of 16

Answer Stats

HintAnswer% Correct
BrisbaneBroncos
100%
New ZealandWarriors
100%
NewcaslteKnights
99%
MelbourneStorm
99%
Canterbury-BankstownBulldogs
98%
ParramattaEels
98%
SydneyRoosters
98%
Manly-WarringahSea Eagles
98%
Cronulla-SutherlandSharks
98%
WestTigers
98%
St George IllawarraDragons
97%
PenrithPanthers
97%
South SydneyRabbitohs
96%
Gold CoastTitans
96%
CanberraRaiders
95%
North QueenslandCowboys
94%

Score Distribution

Percentile by Number Answered

Percent of People with Each Score

Your Score History

You have not taken this quiz